000 00271nam a2200109Ia 4500
008 200302s9999 xx 000 0 und d
100 _aChris Van Uffelen
245 _aPassive Houses Energy Efficient Homes
260 _bBraun Publishing AG
260 _c2012
300 _a239
999 _c3393
_d3393